Tyr - Choix Multiples - Statistiques

Statistiques générales
  • Ce quiz a été pris 25 fois
  • Le résultat moyen est 6 sur 10
Statistiques - réponses
Question Réponse % Correct
Quel conquérant mena le siège de Tyr pendant huit mois ? Alexandre le Grand
92%
Quel peuple antique était historiquement installé à Tyr ? Phéniciens
92%
Dans quel pays se trouve aujourd'hui Tyr ? Liban
79%
Quelle cité antique fut fondée par des Tyriens ? Carthage
75%
Quelle figure de la mythologie grecque, à qui l'on chante aujourd'hui une ode à la joie, serait née à Tyr ? Europe
67%
Depuis combien de temps la ville est-elle habitée ? Environ 5'000 ans
58%
Quel événement récent a abouti à une importante destruction de la ville ? Les bombardements israéliens depuis 2024
58%
Quel prophète aurait prédit, dans un livre religieux qui porte son nom, la destruction prochaine de Tyr ? Ézéchiel
42%
Quel empereur germanique est enterré dans la cathédrale de Tyr suite à une croisade qui a mal tourné ? Frédéric Barberousse
38%
Pour la conception de quelle couleur la ville de Tyr était-elle réputée ? Pourpre
29%
Aucun quiz correspondant
Distribution des résultats
% des personnes avec chaque résultat
Percentile par nombre de réponses
Votre historique - résultats
Vous n’avez pas pris ce quiz